002020000a220007300045001000021000002450033000213000053000547730021001071 aGreen, Guillermo10a¿Cuánto cuesta el 'show'? aVol.7, núm.2 (Noviembre, 2005), Páginas 9-150 tReforma Siglo 21